| 000 | 00656nam a2200253Ia 4500 | ||
|---|---|---|---|
| 001 | 54368 | ||
| 005 | 20240114005421.0 | ||
| 007 | ta | ||
| 008 | 110922s2008 g b000 u 903 u | ||
| 020 | _a978-81-272-4352-4 | ||
| 040 | _aCotton College,Assam | ||
| 041 | _a903 | ||
| 082 |
_a660.6 _bSi 64 Bi |
||
| 100 | _aSingh, B.D. . | ||
| 245 | 0 |
_aBiotechnology / _cB.D.Singh. _hTextual Documents |
|
| 250 | _a2nd revised ed. / | ||
| 260 |
_aNew Delhi : _bKalyani Publishers , _c2008. |
||
| 300 |
_a919pg ; _c23cm. |
||
| 653 | _aBiotechnology | ||
| 653 | _aG- Biotechnology | ||
| 942 |
_2ddc _cBK |
||
| 999 |
_c54331 _d54331 |
||